<Die> Bedeutung internationaler Organisationen für die Nutzung von Ressocen im Geheimeigentum <Das> Beispiel des Fischbestandes der Meere

Salvato in:
Dettagli Bibliografici
Autore principale: Dicke, Hugo
Altri autori: Foders, Federico
Natura: Libro
Lingua:tedesco
Pubblicazione: Kiel Institut für Weltwirtschaft 1985
Serie:Arbeitspapier Nr. 222
Tags: Aggiungi Tag
Nessun Tag, puoi essere il primo ad aggiungerne!!

MARC

LEADER 00000nam a2200000 4500
001 c108576
005 20181203150302.4
041 0 |a ger 
044 |a DE 
245 1 0 |a <Die> Bedeutung internationaler Organisationen für die Nutzung von Ressocen im Geheimeigentum  |b <Das> Beispiel des Fischbestandes der Meere  |c Hugo Dicke, Federico Foders 
264 1 |a Kiel  |b Institut für Weltwirtschaft  |c 1985 
300 |a 26 s. 
490 1 |a Arbeitspapier  |v Nr. 222 
830 0 |a Arbeitspapier  |v Nr. 222 
100 1 |a Dicke, Hugo 
700 1 |a Foders, Federico